| 000 | 00492nmm a2200169Ia 4500 | ||
|---|---|---|---|
| 008 | 251105s9999||||xx |||||||||||||||||und|| | ||
| 020 | _a8497421752 | ||
| 041 | _aspa | ||
| 100 | _aBerard, Guy | ||
| 245 | 0 | _aReeducación auditiva para el éxito escolar | |
| 264 |
_a[Madrid, España] : _bBiblioteca Nueva, _c2003 |
||
| 300 | _a206 páginas | ||
| 490 | _aBiblioteca de la nueva educación | ||
| 650 | _aEducation | ||
| 856 | _uhttps://public.digitaliapublishing.com/a/5007 | ||
| 942 | _cCF | ||
| 999 |
_c74097 _d74097 |
||